History Quiz

Random History or City Quiz

Named after Historical Figures: US Cities A-C Quiz Stats

Quiz not verified by Sporcle

Challenge
Share
Tweet
Embed
Score 0/21 Timer 10:00
0 Plays Today
% Correct
Austin
87.5%
Columbus
80.4%
Baltimore
76.8%
Charleston
76.8%
Aurora
75%
Charlotte
62.5%
Allentown
58.9%
Berkeley
42.9%
Clarksville
41.1%
Albuquerque
37.5%
Augusta
35.7%
% Correct
Brownsville
35.7%
Billings
35.7%
Chandler
25%
Cleveland
21.4%
Bakersfield
19.6%
Burbank
12.5%
Beaumont
10.7%
Alexandria
10.7%
Arvada
8.9%
Cary
7.1%

You're not logged in!

Compare scores with friends on all Sporcle quizzes.
Join for Free
OR
Log In

You Might Also Like...

Show Comments

Extras

Top Quizzes Today


Score Distribution

Your Account Isn't Verified!

In order to create a playlist on Sporcle, you need to verify the email address you used during registration. Go to your Sporcle Settings to finish the process.

Report this User

Report this user for behavior that violates our Community Guidelines.

Details: